Relaciones del derecho positivo con el derecho natural (Record no. 38403)
[ view plain ]
| 000 -LEADER | |
|---|---|
| campo de control de longitud fija | 00957nam a2200205 i 4500 |
| 001 - NÚMERO DE CONTROL | |
| campo de control | 38403 |
| 003 - IDENTIFICADOR DE NÚMERO DE CONTROL | |
| campo de control | ES-MaACL |
| 005 - FECHA Y HORA DE LA ÚLTIMA TRANSACCIÓN | |
| campo de control | 20260127062526.0 |
| 007 - CAMPO FIJO DE DESCRIPCIÓN FÍSICA--INFORMACIÓN GENERAL | |
| campo de control de longitud fija | t| |
| 008 - DATOS DE LONGITUD FIJA--INFORMACIÓN GENERAL | |
| campo de control de longitud fija | 030225s1948 sp ||||1| spa d |
| 100 1# - ENTRADA PRINCIPAL--NOMBRE DE PERSONA | |
| Nombre de persona | Callejo de la Cuesta, Eduardo. |
| 9 (RLIN) | 33737 |
| 245 10 - MENCIÓN DEL TÍTULO | |
| Título | Relaciones del derecho positivo con el derecho natural |
| Resto del título | : discurso leído el día 31 de mayo de 1948, en su recepción pública / |
| Mención de responsabilidad, etc. | por Eduardo Callejo de la Cuesta y contestación de Eduardo Aunós ; [bosquejo biográfico del nuevo académico y breve resumen del tema tratado por él]. |
| 260 ## - PUBLICACIÓN, DISTRIBUCIÓN, ETC. | |
| Lugar de publicación, distribución, etc. | Madrid : |
| Nombre del editor, distribuidor, etc. | [s.n., |
| Fecha de publicación, distribución, etc. | 1948] ( |
| Fabricante | Imp. Viuda Galo Sèz) |
| 300 ## - DESCRIPCIÓN FÍSICA | |
| Extensión | 89 p. ; |
| Dimensiones | 24 cm. |
| 500 ## - NOTA GENERAL | |
| Nota general | Precede al tít.: Real Academia de Jurisprudencia y Legislación. |
| 700 1# - ENTRADA AGREGADA--NOMBRE PERSONAL | |
| Nombre de persona | Aunós Pérez, Eduardo, |
| Fechas asociadas al nombre | 1894-1967 |
| 9 (RLIN) | 23920 |
| 700 ## - ENTRADA AGREGADA--NOMBRE PERSONAL | |
| Nombre de persona | Real Academia de Jurisprudencia y Legislación de España |
| 9 (RLIN) | 217612 |
| 852 ## - LOCALIZACIÓN | |
| Ubicación | ES-MaACL |
| Número de control de estantería | 1885-F-10 |
| Sublocalización o colección | R.25960 |
| Estatus retirado | Estado de pérdida | Estado de daño | No para préstamo | Colección | Biblioteca de origen | Biblioteca actual | Ubicación en estantería | Fecha de adquisición | Fuente de adquisición | Total de préstamos | Signatura topográfica completa | Código de barras | Visto por última vez | Precio de reemplazo | Tipo de ítem Koha |
|---|---|---|---|---|---|---|---|---|---|---|---|---|---|---|---|
| Colección de folletos | Biblioteca del Ateneo de Madrid | Biblioteca del Ateneo de Madrid | Depósito folletos | 17/01/2008 | 1885-F-10 | 1040432 | 23/02/2023 | 23/02/2023 | Folleto |
